Bordering Countries that Use the Same Currency - Statistics

General Stats
  • This quiz has been taken 297 times
  • The average score is 81 of 106
Answer Stats
Country #1 Country #2 Currency % Correct
France Germany | Italy | Luxembourg | +2 others Euro
98%
Germany Luxembourg | Netherlands Euro
96%
Spain
96%
Belgium France | Germany | Luxembourg | Netherlands Euro
93%
Italy San Marino | Slovenia | Vatican City Euro
93%
Luxembourg
92%
Netherlands
92%
Portugal Spain Euro
90%
Andorra France | Spain Euro
88%
Austria Germany | Italy | Slovakia | Slovenia Euro
87%
India Nepal | Pakistan Rupee
87%
Slovenia
86%
Russia
85%
Vatican City
85%
Pakistan
84%
San Marino
84%
United States
83%
D. R. Congo Republic of the Congo | Rwanda Franc
82%
Niger
82%
Slovakia
82%
Belarus Russia Ruble
81%
Canada United States Dollar
81%
Mali Niger | Senegal Franc
80%
Republic of the Congo
80%
Algeria Libya | Tunisia Dinar
79%
Nepal
79%
Chad Niger Franc
78%
Monaco
78%
Argentina Chile | Uruguay Peso
76%
Central African Republic Chad | D. R. Congo | Republic of the Congo Franc
76%
Libya Tunisia Dinar
76%
Tunisia
76%
Kenya Somalia | Tanzania | Uganda Shilling
75%
Uganda
75%
Burkina Faso Cote d'Ivoire | Mali | Niger | Togo Franc
74%
Chile
74%
South Korea
74%
Sudan
74%
Tanzania Uganda Shilling
74%
Cameroon Central African Republic | Chad | Equatorial Guinea | +2 others Franc
73%
Uruguay
73%
Benin Burkina Faso | Niger | Togo Franc
72%
Egypt Sudan Pound
72%
North Korea South Korea Won
72%
Saudi Arabia
72%
Lithuania
71%
Rwanda
71%
South Sudan Sudan Pound
71%
Togo
71%
Gabon Republic of the Congo Franc
70%
Guinea Guinea-Bissau | Mali Franc
70%
Latvia Lithuania Euro
70%
Burundi D. R. Congo | Rwanda Franc
69%
Estonia Lithuania Euro
69%
Senegal
69%
Cote d'Ivoire Guinea | Mali Franc
68%
Iraq Jordan Dinar
68%
Guinea-Bissau Senegal Franc
67%
Qatar Saudi Arabia Riyal
67%
Somalia
67%
Equatorial Guinea Gabon Franc
66%
Jordan
62%
Oman Yemen Rial
59%
Syria
59%
Yemen
59%
Lebanon Syria Pound
53%
Uzbekistan
40%
Kyrgyzstan Uzbekistan Som
37%
Guyana Suriname Dollar
28%
Suriname
28%
No matching quizzes found
Score Distribution
Percent of People with Each Score
Percentile by Number Answered
Your Score History
You have not taken this quiz